More uprostred kontinentu Kanada nie je iba hokej

Podrobná bibliografia
Hlavný autor: Toček, Tomáš (Autor, Fotograf)
Médium: Článok
Jazyk:slovenčina
ISSN:0139-6323
Predmet:
On-line prístup:http://zivot.lesk.cas.sk/clanok/8989/more-uprostred-kontinentu-v-kanade-najdete-naozaj-vsetko.html

MARC

LEADER 00000nab a2200000 ar4500
001 vtls010277766
003 SK-MaSNL
005 20260317180704.0
008 110511c2011 xo mr|p|||||||000 b|slo
015 |a SNBRB2011/05  |2 snsk 
038 |a SNSK 
040 |a SNSK  |b slo  |c SNSK  |e AACR2 
041 |a slo 
044 |a xo  |c SK 
080 |a (71)  |2 2001 
080 |a 908  |x (71)  |2 2001 
100 1 |a Toček, Tomáš  |4 pht  |4 aut  |9 796646 
245 1 0 |a More uprostred kontinentu  |b Kanada nie je iba hokej  |c Tomáš Toček 
650 0 7 |a prírodné krásy  |2 snsk  |9 287668 
651 7 |a Kanada  |2 snsk  |9 17505 
655 7 |a cestopisné reportáže  |2 snsk  |9 70001 
773 0 |t Život  |g Roč. 61, č. 10 (2011), s. 44-48  |x 0139-6323 
852 |a SNSK  |b KIS3GCP 
856 |u http://zivot.lesk.cas.sk/clanok/8989/more-uprostred-kontinentu-v-kanade-najdete-naozaj-vsetko.html 
958 |a CA 
999 |c 2049947  |d 2051877